000
00297nam a22001097a 4500
082
_a
T-191
100
_a
Raja Shabab Nowsherwan
_9
50875
245
_a
Coal mine risk management in eastern salt range of Punjab
260
_a
Risalpur,
_b
MCE,
_c
75p.xiv.
526
_a
0
_b
0
_c
0
_d
T_191
942
_2
ddc
_c
BK
999
_c
553605
_d
553605